000 00811cam a22002531a 4500
001 3898
003 BD-RjUL
005 20211208233811.0
008 131221r19671960enk b 001 0 eng
035 _a(BD-RjUL)3932
035 _a(OCoLC)372448
040 _aDLC
_cOClU
_dMoSU-L
_dDLC
_dBD-RjUL
_beng
041 _aeng
082 _2338.82
_bGUC
100 1 _aGuénault, Paul H.
_q(Paul Herbert)
_912428
245 1 4 _aThe control of monopoly in the United Kingdom /
_cPaul H. Guénault and J.M. Jackson.
260 _aLondon :
_bLongmans,
_cc1960[impression 1967]
300 _aix, 197 p. ;
_c23 cm.
504 _aIncludes bibliographical references and index.
650 0 _aTrusts, Industrial
_zGreat Britain.
_912429
700 1 _aJackson, J. M.
_q(Joseph M.)
_912430
942 _2ddc
_cBK
999 _c3898
_d3898